Looking east : (Record no. 352961)

000 -LEADER
fixed length control field 00786 a2200265 4500
003 - CONTROL NUMBER IDENTIFIER
control field OSt
005 - DATE AND TIME OF LATEST TRANSACTION
control field 20180116192352.0
008 - FIXED-LENGTH DATA ELEMENTS--GENERAL INFORMATION
fixed length control field 120601t xxu||||| |||| 00| 0 eng d
010 ## - LIBRARY OF CONGRESS CONTROL NUMBER
LC control number 2010280133
020 ## - INTERNATIONAL STANDARD BOOK NUMBER
International Standard Book Number 0714846376
020 ## - INTERNATIONAL STANDARD BOOK NUMBER
International Standard Book Number 9780714846378
040 ## - CATALOGING SOURCE
Transcribing agency 0
082 ## - DEWEY DECIMAL CLASSIFICATION NUMBER
Classification number 779.2092
100 1# - MAIN ENTRY--PERSONAL NAME
Personal name McCurry, Steve
9 (RLIN) 3764
245 00 - TITLE STATEMENT
Title Looking east :
Remainder of title portraits
Statement of responsibility, etc. by Steve McCurry
260 ## - PUBLICATION, DISTRIBUTION, ETC.
Place of publication, distribution, etc. New York :
Name of publisher, distributor, etc. Phaidon Press,
Date of publication, distribution, etc. c2006.
300 ## - PHYSICAL DESCRIPTION
Extent 122 p. :
Other physical details col. ill. ;
Dimensions 39 cm.
600 10 - SUBJECT ADDED ENTRY--PERSONAL NAME
Personal name McCurry, Steve.
9 (RLIN) 3765
650 10 - SUBJECT ADDED ENTRY--TOPICAL TERM
Topical term or geographic name entry element Portraits.
9 (RLIN) 3766
650 10 - SUBJECT ADDED ENTRY--TOPICAL TERM
Topical term or geographic name entry element Photography, Artistic.
9 (RLIN) 3767
651 10 - SUBJECT ADDED ENTRY--GEOGRAPHIC NAME
Geographic name South Asia
9 (RLIN) 3768
651 10 - SUBJECT ADDED ENTRY--GEOGRAPHIC NAME
Geographic name Southeast Asia
9 (RLIN) 3769
942 ## - ADDED ENTRY ELEMENTS (KOHA)
Institution code [OBSOLETE] SADA
Koha item type Book
Call number prefix 779.2092 MCC 2006
Source of classification or shelving scheme
Holdings
Withdrawn status Lost status Source of classification or shelving scheme Damaged status Not for loan Permanent Location Current Location Date acquired Total Checkouts Total Renewals Full call number Barcode Date last seen Date last checked out Cost, replacement price Price effective from Koha item type
          School of Art Design and Architecture (SADA) School of Art Design and Architecture (SADA) 05/20/2011 2 2 779.2092 MCC 2006 SADA0001074 09/10/2013 06/21/2013 3055.00 08/05/2011 Book
© 2023 Central Library, National University of Sciences and Technology. All Rights Reserved.